[Event "DEM U8 2024"]
[Site "Willingen GER"]
[Date "2024.05.24"]
[Round "5"]
[White "Al Luwaisi, Taim"]
[Black "Yarmish, Tymofeii"]
[Result "0-1"]
[Termination "normal"]
[Board "9"]
[WhiteElo "1198"]
[BlackElo "1087"]
[WhiteClock "00:03:47"]
[BlackClock "00:24:34"]
[PlyCount "82"]
[WhiteFideId "34645896"]
[BlackFideId "34691898"]
[EventCountry "GER"]
[EventRounds "7"]
[EventType "swiss"]
[EventDate "2024.05.21"]

1. e4 {[%clk 01:00:29]} Nc6 {[%clk 01:00:25]} {[%emt 00:00:07]} 2. Nf3 {[%clk
01:00:38]} {[%emt 00:00:06]} e5 {[%clk 01:00:25]} {[%emt 00:00:14]} 3. Bc4
{[%clk 01:00:45]} {[%emt 00:00:08]} Be7 {[%clk 01:00:31]} {[%emt 00:00:10]} 4.
d4 {[%clk 01:00:47]} {[%emt 00:00:13]} d6 {[%clk 01:00:32]} {[%emt 00:00:14]}
5. d5 {[%clk 01:00:52]} {[%emt 00:00:09]} Na5 {[%clk 00:59:12]} {[%emt
00:01:35]} 6. Bd3 {[%clk 01:00:58]} {[%emt 00:00:09]} b6 {[%clk 00:58:57]}
{[%emt 00:00:31]} 7. O-O {[%clk 01:00:50]} {[%emt 00:00:22]} Nf6 {[%clk
00:59:00]} {[%emt 00:00:12]} 8. Be3 {[%clk 01:00:44]} {[%emt 00:00:20]} O-O
{[%clk 00:58:58]} {[%emt 00:00:17]} 9. Nc3 {[%clk 01:00:35]} {[%emt 00:00:25]}
Bg4 {[%clk 00:58:33]} {[%emt 00:00:41]} 10. Re1 {[%clk 00:58:14]} {[%emt
00:02:35]} h6 {[%clk 00:57:41]} {[%emt 00:01:07]} 11. Rc1 {[%clk 00:57:20]}
{[%emt 00:01:09]} Nb7 {[%clk 00:56:36]} {[%emt 00:01:21]} 12. h3 {[%clk
00:56:30]} {[%emt 00:01:05]} Bh5 {[%clk 00:56:30]} {[%emt 00:00:20]} 13. Bb5
{[%clk 00:53:56]} {[%emt 00:02:49]} Nc5 {[%clk 00:55:58]} {[%emt 00:00:47]} 14.
b4 {[%clk 00:52:30]} {[%emt 00:01:41]} Ncxe4 {[%clk 00:55:21]} {[%emt
00:00:52]} 15. Nxe4 {[%clk 00:52:24]} {[%emt 00:00:21]} Nxe4 {[%clk 00:55:18]}
{[%emt 00:00:18]} 16. Bxh6 {[%clk 00:52:19]} {[%emt 00:00:20]} Nc3 {[%clk
00:54:19]} {[%emt 00:01:15]} 17. Qd3 {[%clk 00:48:18]} {[%emt 00:04:15]} Nxb5
{[%clk 00:53:17]} {[%emt 00:01:17]} 18. Bxg7 {[%clk 00:43:51]} {[%emt
00:04:42]} Kxg7 {[%clk 00:52:32]} {[%emt 00:01:01]} 19. Qxb5 {[%clk 00:43:24]}
{[%emt 00:00:42]} Bg6 {[%clk 00:51:55]} {[%emt 00:00:52]} 20. Qc4 {[%clk
00:42:15]} {[%emt 00:01:24]} f5 {[%clk 00:50:05]} {[%emt 00:02:06]} 21. Nh2
{[%clk 00:37:21]} {[%emt 00:05:08]} Rh8 {[%clk 00:47:59]} {[%emt 00:02:21]} 22.
Re2 {[%clk 00:36:55]} {[%emt 00:00:41]} Bf6 {[%clk 00:44:21]} {[%emt 00:03:53]}
23. Rce1 {[%clk 00:36:02]} {[%emt 00:01:08]} a5 {[%clk 00:42:52]} {[%emt
00:01:45]} 24. c3 {[%clk 00:31:44]} {[%emt 00:04:33]} Rh4 {[%clk 00:41:36]}
{[%emt 00:01:31]} 25. Qb3 {[%clk 00:25:39]} {[%emt 00:06:20]} axb4 {[%clk
00:41:05]} {[%emt 00:00:46]} 26. cxb4 {[%clk 00:25:39]} {[%emt 00:00:15]} Qd7
{[%clk 00:37:57]} {[%emt 00:03:23]} 27. Qc3 {[%clk 00:24:02]} {[%emt 00:01:52]}
Ra4 {[%clk 00:36:51]} {[%emt 00:01:21]} 28. g3 {[%clk 00:21:19]} {[%emt
00:02:58]} Rxh3 {[%clk 00:35:45]} {[%emt 00:01:21]} 29. f4 {[%clk 00:21:20]}
{[%emt 00:00:15]} exf4 {[%clk 00:34:44]} {[%emt 00:01:15]} 30. Re7+ {[%clk
00:21:17]} {[%emt 00:00:18]} Kh6 {[%clk 00:33:25]} {[%emt 00:01:35]} 31. Qxf6
{[%clk 00:20:14]} {[%emt 00:01:16]} Rxg3+ {[%clk 00:32:21]} {[%emt 00:01:21]}
32. Kf1 {[%clk 00:19:04]} {[%emt 00:01:25]} Qb5+ {[%clk 00:31:41]} {[%emt
00:00:55]} 33. R1e2 {[%clk 00:17:22]} {[%emt 00:01:57]} Kh5 {[%clk 00:29:34]}
{[%emt 00:02:22]} 34. Qh8+ {[%clk 00:12:11]} {[%emt 00:05:25]} Kg5 {[%clk
00:29:08]} {[%emt 00:00:41]} 35. Ke1 {[%clk 00:09:58]} {[%emt 00:02:28]} Qxb4+
{[%clk 00:28:50]} {[%emt 00:00:34]} 36. Kf2 {[%clk 00:07:36]} {[%emt 00:02:36]}
Qc5+ {[%clk 00:28:12]} {[%emt 00:00:53]} 37. R7e3 {[%clk 00:07:16]} {[%emt
00:00:36]} Rxe3 {[%clk 00:26:27]} {[%emt 00:02:00]} 38. Nf3+ {[%clk 00:06:57]}
{[%emt 00:00:33]} Rxf3+ {[%clk 00:26:07]} {[%emt 00:00:36]} 39. Kxf3 {[%clk
00:07:03]} {[%emt 00:00:08]} Ra3+ {[%clk 00:25:30]} {[%emt 00:00:53]} 40. Kg2
{[%clk 00:05:05]} {[%emt 00:02:13]} Qxd5+ {[%clk 00:25:21]} {[%emt 00:00:24]}
41. Kh2 {[%clk 00:03:47]} {[%emt 00:01:31]} Rxa2 {[%clk 00:24:34]} {[%emt
00:01:02]} 0-1

[Event "DEM U8 2024"]
[Site "Willingen GER"]
[Date "2024.05.24"]
[Round "5"]
[White "Weis, Robert"]
[Black "Nune, Likhith Siddharth"]
[Result "0-1"]
[Termination "normal"]
[Board "10"]
[WhiteElo "1082"]
[BlackElo "1517"]
[WhiteClock "00:30:25"]
[BlackClock "00:33:01"]
[PlyCount "58"]
[WhiteFideId "1362810"]
[BlackFideId "34670823"]
[EventCountry "GER"]
[EventRounds "7"]
[EventType "swiss"]
[EventDate "2024.05.21"]

1. e4 {[%clk 01:00:20]} e5 {[%clk 01:00:27]} {[%emt 00:00:11]} 2. Nf3 {[%clk
01:00:31]} {[%emt 00:00:05]} Nc6 {[%clk 01:00:37]} {[%emt 00:00:05]} 3. Bc4
{[%clk 01:00:40]} {[%emt 00:00:07]} f5 {[%clk 01:00:37]} {[%emt 00:00:15]} 4.
d4 {[%clk 01:00:48]} {[%emt 00:00:07]} exd4 {[%clk 01:00:41]} {[%emt 00:00:11]}
5. e5 {[%clk 01:00:56]} {[%emt 00:00:07]} d5 {[%clk 01:00:10]} {[%emt
00:00:46]} 6. exd6 {[%clk 01:01:02]} {[%emt 00:00:09]} Bxd6 {[%clk 01:00:13]}
{[%emt 00:00:12]} 7. O-O {[%clk 01:01:08]} {[%emt 00:00:09]} Nge7 {[%clk
01:00:01]} {[%emt 00:00:27]} 8. Bg5 {[%clk 01:00:56]} {[%emt 00:00:27]} Bd7
{[%clk 00:59:47]} {[%emt 00:00:29]} 9. Nxd4 {[%clk 01:00:50]} {[%emt 00:00:21]}
Nxd4 {[%clk 00:59:32]} {[%emt 00:00:30]} 10. Qxd4 {[%clk 01:00:55]} {[%emt
00:00:09]} Bb5 {[%clk 00:58:18]} {[%emt 00:01:30]} 11. Bxb5+ {[%clk 01:00:54]}
{[%emt 00:00:44]} c6 {[%clk 00:58:11]} {[%emt 00:00:36]} 12. Bc4 {[%clk
01:00:57]} {[%emt 00:00:12]} Bxh2+ {[%clk 00:58:17]} {[%emt 00:00:09]} 13. Kxh2
{[%clk 01:00:22]} {[%emt 00:00:49]} Qxd4 {[%clk 00:58:30]} {[%emt 00:00:03]}
14. Nd2 {[%clk 00:59:59]} {[%emt 00:00:37]} Qd6+ {[%clk 00:57:43]} {[%emt
00:01:01]} 15. Kg1 {[%clk 01:00:00]} {[%emt 00:00:14]} O-O-O {[%clk 00:57:04]}
{[%emt 00:00:55]} 16. Rfe1 {[%clk 00:59:43]} {[%emt 00:00:33]} Rde8 {[%clk
00:57:04]} {[%emt 00:00:15]} 17. Be6+ {[%clk 00:59:12]} {[%emt 00:00:45]} Kb8
{[%clk 00:56:59]} {[%emt 00:00:19]} 18. Nc4 {[%clk 00:58:52]} {[%emt 00:00:36]}
Qd4 {[%clk 00:53:03]} {[%emt 00:04:10]} 19. Be3 {[%clk 00:56:13]} {[%emt
00:02:54]} Qh4 {[%clk 00:51:42]} {[%emt 00:01:36]} 20. Nd6 {[%clk 00:55:55]}
{[%emt 00:00:33]} Rd8 {[%clk 00:48:36]} {[%emt 00:03:22]} 21. Nf7 {[%clk
00:55:10]} {[%emt 00:01:00]} Rhf8 {[%clk 00:48:31]} {[%emt 00:00:19]} 22. Bg5
{[%clk 00:54:47]} {[%emt 00:00:39]} Qh5 {[%clk 00:47:54]} {[%emt 00:00:52]} 23.
Bxe7 {[%clk 00:54:11]} {[%emt 00:00:51]} Rde8 {[%clk 00:47:41]} {[%emt
00:00:28]} 24. Bxf8 {[%clk 00:53:20]} {[%emt 00:01:05]} Rxf8 {[%clk 00:47:44]}
{[%emt 00:00:14]} 25. Rad1 {[%clk 00:53:14]} {[%emt 00:00:21]} Qh4 {[%clk
00:46:05]} {[%emt 00:01:53]} 26. Nd6 {[%clk 00:51:10]} {[%emt 00:02:20]} f4
{[%clk 00:40:30]} {[%emt 00:05:50]} 27. Nf5 {[%clk 00:47:47]} {[%emt 00:03:39]}
Qg5 {[%clk 00:39:17]} {[%emt 00:01:27]} 28. Re5 {[%clk 00:44:51]} {[%emt
00:03:11]} g6 {[%clk 00:33:32]} {[%emt 00:06:00]} 29. Re2 {[%clk 00:30:25]}
{[%emt 00:14:41]} f3 {[%clk 00:33:01]} {[%emt 00:00:46]} 0-1

[Event "DEM U8 2024"]
[Site "Willingen GER"]
[Date "2024.05.24"]
[Round "5"]
[White "Reese, Oscar"]
[Black "Graf, Tom"]
[Result "1-0"]
[Termination "normal"]
[Board "11"]
[WhiteElo "1650"]
[BlackElo "1456"]
[WhiteClock "00:42:24"]
[BlackClock "00:43:02"]
[PlyCount "59"]
[WhiteFideId "34644474"]
[BlackFideId "34622420"]
[EventCountry "GER"]
[EventRounds "7"]
[EventType "swiss"]
[EventDate "2024.05.21"]

1. e4 {[%clk 01:00:24]} {[%emt 00:00:05]} e6 {[%clk 01:00:22]} {[%emt
00:00:09]} 2. d4 {[%clk 01:00:28]} {[%emt 00:00:10]} d5 {[%clk 01:00:29]}
{[%emt 00:00:08]} 3. Nd2 {[%clk 01:00:27]} {[%emt 00:00:15]} dxe4 {[%clk
01:00:26]} {[%emt 00:00:19]} 4. Nxe4 {[%clk 01:00:28]} {[%emt 00:00:13]} c6
{[%clk 01:00:03]} {[%emt 00:00:39]} 5. Nf3 {[%clk 01:00:25]} {[%emt 00:00:16]}
Be7 {[%clk 00:59:51]} {[%emt 00:00:31]} 6. c3 {[%clk 01:00:27]} {[%emt
00:00:13]} Nf6 {[%clk 00:59:32]} {[%emt 00:00:33]} 7. Nxf6+ {[%clk 00:59:34]}
{[%emt 00:01:06]} Bxf6 {[%clk 00:59:32]} {[%emt 00:00:16]} 8. Bd3 {[%clk
00:58:59]} {[%emt 00:00:50]} Nd7 {[%clk 00:59:05]} {[%emt 00:00:43]} 9. Bf4
{[%clk 00:57:18]} {[%emt 00:01:54]} Nb6 {[%clk 00:58:00]} {[%emt 00:01:21]} 10.
Qc2 {[%clk 00:54:29]} {[%emt 00:03:01]} Nd5 {[%clk 00:57:24]} {[%emt 00:00:55]}
11. Bg3 {[%clk 00:54:30]} {[%emt 00:00:13]} a5 {[%clk 00:56:19]} {[%emt
00:01:21]} 12. a4 {[%clk 00:53:19]} {[%emt 00:01:25]} h6 {[%clk 00:55:39]}
{[%emt 00:00:56]} 13. O-O {[%clk 00:50:03]} {[%emt 00:03:31]} O-O {[%clk
00:55:29]} {[%emt 00:00:25]} 14. Be5 {[%clk 00:49:58]} {[%emt 00:00:18]} Re8
{[%clk 00:54:07]} {[%emt 00:01:37]} 15. Rfe1 {[%clk 00:49:32]} {[%emt
00:00:43]} Bd7 {[%clk 00:52:48]} {[%emt 00:01:34]} 16. Rad1 {[%clk 00:48:18]}
{[%emt 00:01:27]} Bc8 {[%clk 00:51:01]} {[%emt 00:02:04]} 17. Nd2 {[%clk
00:47:59]} {[%emt 00:00:34]} Bd7 {[%clk 00:50:39]} {[%emt 00:00:38]} 18. Nc4
{[%clk 00:47:52]} {[%emt 00:00:22]} Bxe5 {[%clk 00:49:46]} {[%emt 00:01:07]}
19. Nxe5 {[%clk 00:47:45]} {[%emt 00:00:21]} Nf6 {[%clk 00:49:22]} {[%emt
00:00:40]} 20. Re3 {[%clk 00:47:06]} {[%emt 00:00:53]} Bc8 {[%clk 00:48:39]}
{[%emt 00:00:59]} 21. Qd2 {[%clk 00:46:45]} {[%emt 00:00:34]} Nd7 {[%clk
00:48:27]} {[%emt 00:00:29]} 22. Nc4 {[%clk 00:46:13]} {[%emt 00:00:47]} Nb6
{[%clk 00:48:19]} {[%emt 00:00:23]} 23. Rg3 {[%clk 00:46:11]} {[%emt 00:00:17]}
Kh8 {[%clk 00:48:08]} {[%emt 00:00:26]} 24. Ne5 {[%clk 00:46:11]} {[%emt
00:00:16]} Qe7 {[%clk 00:47:51]} {[%emt 00:00:32]} 25. Qf4 {[%clk 00:45:40]}
{[%emt 00:00:46]} Rf8 {[%emt 00:01:45]} 26. Rf3 {[%clk 00:43:40]} {[%emt
00:01:20]} Bd7 {[%clk 00:46:34]} {[%emt 00:00:56]} 27. Nxf7+ {[%clk 00:42:59]}
{[%emt 00:00:56]} Kg8 {[%clk 00:46:08]} {[%emt 00:00:41]} 28. Qe4 {[%clk
00:42:57]} {[%emt 00:00:17]} Rxf7 {[%clk 00:42:55]} {[%emt 00:03:27]} 29. Qh7+
{[%clk 00:42:17]} {[%emt 00:00:55]} Kf8 {[%clk 00:43:02]} {[%emt 00:00:09]} 30.
Qh8# {[%clk 00:42:24]} {[%emt 00:00:07]} 1-0

[Event "DEM U8 2024"]
[Site "Willingen GER"]
[Date "2024.05.24"]
[Round "5"]
[White "Ni, Wilhelm Zeyin"]
[Black "Schimming, Wilhelm"]
[Result "1/2-1/2"]
[Termination "normal"]
[Board "12"]
[WhiteElo "1696"]
[BlackElo "1242"]
[WhiteClock "00:37:03"]
[BlackClock "00:14:33"]
[PlyCount "50"]
[WhiteFideId "34675337"]
[BlackFideId "34662030"]
[EventCountry "GER"]
[EventRounds "7"]
[EventType "swiss"]
[EventDate "2024.05.21"]

1. e4 {[%clk 01:00:28]} {[%emt 00:00:01]} c5 {[%clk 01:00:15]} {[%emt
00:00:15]} 2. Nf3 {[%clk 01:00:35]} {[%emt 00:00:08]} d6 {[%clk 01:00:22]}
{[%emt 00:00:09]} 3. d4 {[%clk 01:00:39]} {[%emt 00:00:11]} cxd4 {[%clk
01:00:15]} {[%emt 00:00:23]} 4. Nxd4 {[%clk 01:00:43]} {[%emt 00:00:10]} Nf6
{[%clk 00:59:47]} {[%emt 00:00:44]} 5. Nc3 {[%clk 01:00:50]} {[%emt 00:00:08]}
a6 {[%clk 00:59:25]} {[%emt 00:00:37]} 6. Be3 {[%clk 01:00:50]} {[%emt
00:00:14]} e5 {[%clk 00:59:09]} {[%emt 00:00:31]} 7. Nb3 {[%clk 01:00:57]}
{[%emt 00:00:08]} Be7 {[%clk 00:58:57]} {[%emt 00:00:27]} 8. f3 {[%clk
00:59:59]} {[%emt 00:01:13]} O-O {[%clk 00:58:02]} {[%emt 00:01:09]} 9. Qe2
{[%clk 00:59:25]} {[%emt 00:00:49]} Be6 {[%clk 00:53:50]} {[%emt 00:04:28]} 10.
O-O-O {[%clk 00:57:24]} {[%emt 00:02:16]} Nbd7 {[%clk 00:53:59]} {[%emt
00:00:06]} 11. g4 {[%clk 00:56:40]} {[%emt 00:00:58]} b5 {[%clk 00:54:06]}
{[%emt 00:00:08]} 12. h4 {[%clk 00:56:36]} {[%emt 00:00:19]} b4 {[%clk
00:54:15]} {[%emt 00:00:06]} 13. Na4 {[%clk 00:54:21]} {[%emt 00:02:31]} Rc8
{[%clk 00:48:02]} {[%emt 00:06:27]} 14. h5 {[%clk 00:52:02]} {[%emt 00:02:34]}
Bc4 {[%clk 00:39:16]} {[%emt 00:09:00]} 15. Qg2 {[%clk 00:48:45]} {[%emt
00:03:32]} Bxf1 {[%clk 00:34:32]} {[%emt 00:04:59]} 16. Qxf1 {[%clk 00:44:57]}
{[%emt 00:04:02]} Ne8 {[%clk 00:34:31]} {[%emt 00:00:17]} 17. Qg2 {[%clk
00:43:00]} {[%emt 00:02:12]} Bg5 {[%clk 00:33:17]} {[%emt 00:01:30]} 18. Bxg5
{[%clk 00:42:27]} {[%emt 00:00:47]} Qxg5+ {[%clk 00:33:27]} {[%emt 00:00:06]}
19. Kb1 {[%clk 00:42:26]} {[%emt 00:00:16]} Qd8 {[%clk 00:18:43]} {[%emt
00:14:58]} 20. g5 {[%clk 00:40:35]} {[%emt 00:02:06]} Qc7 {[%clk 00:18:50]}
{[%emt 00:00:08]} 21. Nc1 {[%clk 00:39:57]} {[%emt 00:00:52]} Qa5 {[%clk
00:14:40]} {[%emt 00:04:26]} 22. b3 {[%clk 00:39:55]} {[%emt 00:00:17]} Nc5
{[%clk 00:14:08]} {[%emt 00:00:47]} 23. Nxc5 {[%clk 00:39:36]} {[%emt
00:00:36]} Qxc5 {[%clk 00:14:19]} {[%emt 00:00:02]} 24. g6 {[%clk 00:37:02]}
{[%emt 00:02:49]} fxg6 {[%clk 00:14:23]} {[%emt 00:00:12]} 25. hxg6 {[%clk
00:37:03]} {[%emt 00:00:13]} h6 {[%clk 00:14:33]} {[%emt 00:00:05]} 1/2-1/2

[Event "DEM U8 2024"]
[Site "Willingen GER"]
[Date "2024.05.24"]
[Round "5"]
[White "Studdert, Levi"]
[Black "Liu, Yining"]
[Result "1-0"]
[Termination "normal"]
[Board "13"]
[WhiteElo "1109"]
[BlackElo "1210"]
[WhiteClock "00:20:01"]
[BlackClock "00:53:38"]
[PlyCount "99"]
[WhiteFideId "34672486"]
[BlackFideId "8655049"]
[EventCountry "GER"]
[EventRounds "7"]
[EventType "swiss"]
[EventDate "2024.05.21"]

1. e4 {[%clk 01:00:25]} {[%emt 00:00:03]} c5 {[%clk 01:00:24]} {[%emt
00:00:08]} 2. Nf3 {[%clk 01:00:15]} {[%emt 00:00:24]} d6 {[%clk 01:00:32]}
{[%emt 00:00:09]} 3. Bb5+ {[%clk 00:59:37]} {[%emt 00:00:52]} Bd7 {[%clk
01:00:37]} {[%emt 00:00:10]} 4. Bxd7+ {[%clk 00:58:50]} {[%emt 00:00:59]} Nxd7
{[%clk 01:00:45]} {[%emt 00:00:09]} 5. c3 {[%clk 00:58:16]} {[%emt 00:00:49]}
Ngf6 {[%clk 01:00:49]} {[%emt 00:00:12]} 6. d3 {[%clk 00:57:34]} {[%emt
00:00:54]} e6 {[%clk 01:00:49]} {[%emt 00:00:17]} 7. Bg5 {[%clk 00:57:01]}
{[%emt 00:00:45]} Be7 {[%clk 01:00:57]} {[%emt 00:00:10]} 8. Nbd2 {[%clk
00:56:08]} {[%emt 00:01:04]} h6 {[%emt 00:00:34]} 9. Be3 {[%clk 00:56:04]}
{[%emt 00:00:03]} Qc7 {[%clk 01:01:02]} {[%emt 00:00:12]} 10. Nf1 {[%clk
00:55:48]} {[%emt 00:00:26]} Ng4 {[%clk 01:00:50]} {[%emt 00:00:32]} 11. h3
{[%clk 00:52:40]} {[%emt 00:03:22]} Nxe3 {[%clk 01:00:56]} {[%emt 00:00:09]}
12. Nxe3 {[%clk 00:52:15]} {[%emt 00:00:35]} Rc8 {[%clk 01:00:14]} {[%emt
00:01:02]} 13. O-O {[%clk 00:51:45]} {[%emt 00:00:43]} O-O {[%clk 00:59:58]}
{[%emt 00:00:34]} 14. Qc2 {[%clk 00:51:26]} {[%emt 00:00:31]} Rfe8 {[%clk
00:59:26]} {[%emt 00:00:49]} 15. Rad1 {[%clk 00:49:20]} {[%emt 00:02:18]} Nb6
{[%clk 00:59:07]} {[%emt 00:00:37]} 16. b3 {[%clk 00:48:40]} {[%emt 00:00:54]}
d5 {[%clk 00:59:02]} {[%emt 00:00:22]} 17. e5 {[%clk 00:46:09]} {[%emt
00:02:44]} Qd7 {[%clk 00:58:21]} {[%emt 00:00:57]} 18. d4 {[%clk 00:43:44]}
{[%emt 00:02:38]} c4 {[%clk 00:58:24]} {[%emt 00:00:14]} 19. Nd2 {[%clk
00:42:15]} {[%emt 00:01:41]} cxb3 {[%clk 00:58:27]} {[%emt 00:00:14]} 20. Qxb3
{[%clk 00:41:50]} {[%emt 00:00:39]} Bd8 {[%clk 00:58:32]} {[%emt 00:00:13]} 21.
f4 {[%clk 00:39:34]} {[%emt 00:02:30]} Bc7 {[%clk 00:58:23]} {[%emt 00:00:24]}
22. Nf3 {[%clk 00:38:21]} {[%emt 00:01:25]} Bb8 {[%clk 00:57:47]} {[%emt
00:00:54]} 23. Rc1 {[%clk 00:36:15]} {[%emt 00:02:18]} Nc4 {[%clk 00:57:05]}
{[%emt 00:00:59]} 24. Nxc4 {[%clk 00:28:26]} {[%emt 00:07:53]} dxc4 {[%clk
00:57:17]} {[%emt 00:00:14]} 25. Qb4 {[%clk 00:28:04]} {[%emt 00:00:34]} Rc6
{[%emt 00:04:08]} 26. Nd2 {[%clk 00:25:36]} Rec8 {[%clk 00:56:08]} {[%emt
00:00:18]} 27. Rb1 {[%clk 00:25:14]} {[%emt 00:00:36]} Rb6 {[%clk 00:55:57]}
{[%emt 00:00:27]} 28. Qa3 {[%clk 00:24:30]} {[%emt 00:00:56]} Ra6 {[%clk
00:55:59]} {[%emt 00:00:15]} 29. Qb2 {[%clk 00:24:00]} {[%emt 00:00:40]} b6
{[%clk 00:55:28]} {[%emt 00:00:50]} 30. Qb5 {[%clk 00:22:26]} {[%emt 00:01:50]}
Qxb5 {[%clk 00:54:14]} {[%emt 00:01:30]} 31. Rxb5 {[%clk 00:21:51]} {[%emt
00:00:49]} Rxa2 {[%clk 00:54:14]} {[%emt 00:00:15]} 32. Rd1 {[%clk 00:21:36]}
{[%emt 00:00:19]} Kh7 {[%clk 00:54:12]} {[%emt 00:00:27]} 33. Rb4 {[%clk
00:21:09]} {[%emt 00:00:22]} f6 {[%clk 00:54:04]} {[%emt 00:00:46]} 34. Rxc4
{[%clk 00:20:49]} {[%emt 00:00:35]} Rxc4 {[%clk 00:54:02]} {[%emt 00:00:17]}
35. Nxc4 {[%clk 00:20:41]} {[%emt 00:00:16]} fxe5 {[%clk 00:54:14]} {[%emt
00:00:09]} 36. Nxe5 {[%clk 00:20:18]} {[%emt 00:00:38]} Bxe5 {[%clk 00:54:13]}
{[%emt 00:00:16]} 37. fxe5 {[%clk 00:20:10]} {[%emt 00:00:22]} Rc2 {[%clk
00:54:09]} {[%emt 00:00:20]} 38. Ra1 {[%clk 00:20:05]} {[%emt 00:00:18]} Rxc3
{[%clk 00:54:14]} {[%emt 00:00:13]} 39. Rxa7 {[%clk 00:20:04]} {[%emt
00:00:15]} Rd3 {[%clk 00:54:23]} {[%emt 00:00:06]} 40. Re7 {[%clk 00:20:08]}
{[%emt 00:00:11]} Rxd4 {[%clk 00:54:22]} {[%emt 00:00:17]} 41. Rxe6 {[%clk
00:20:09]} {[%emt 00:00:14]} Re4 {[%clk 00:54:29]} {[%emt 00:00:09]} 42. Kf2
{[%emt 00:00:13]} b5 {[%emt 00:00:13]} 43. Kf3 {[%clk 00:19:46]} {[%emt
00:00:10]} b4 {[%clk 00:54:20]} {[%emt 00:00:25]} 44. Kxe4 {[%clk 00:19:47]}
{[%emt 00:00:14]} b3 {[%clk 00:54:13]} {[%emt 00:00:22]} 45. Rb6 {[%clk
00:19:53]} {[%emt 00:00:08]} g5 {[%clk 00:54:06]} {[%emt 00:00:23]} 46. e6
{[%clk 00:19:56]} {[%emt 00:00:11]} Kg8 {[%clk 00:53:59]} {[%emt 00:00:21]} 47.
Rxb3 {[%clk 00:19:59]} Kf8 {[%clk 00:54:02]} {[%emt 00:00:26]} 48. Ke5 {[%clk
00:20:05]} {[%emt 00:00:09]} g4 {[%clk 00:53:45]} {[%emt 00:00:32]} 49. Kf6
{[%clk 00:20:09]} {[%emt 00:00:10]} g3 {[%clk 00:53:38]} {[%emt 00:00:22]} 50.
Rb8# {[%clk 00:20:01]} {[%emt 00:00:08]} 1-0

[Event "DEM U8 2024"]
[Site "Willingen GER"]
[Date "2024.05.24"]
[Round "5"]
[White "Blum-Barth, Elias"]
[Black "Gavrylchenko, Illia"]
[Result "0-1"]
[Termination "normal"]
[Board "14"]
[WhiteElo "1093"]
[BlackElo "1418"]
[WhiteClock "00:40:58"]
[BlackClock "00:16:49"]
[PlyCount "58"]
[BlackFideId "34682007"]
[EventCountry "GER"]
[EventRounds "7"]
[EventType "swiss"]
[EventDate "2024.05.21"]

1. e4 {[%clk 01:00:29]} {[%emt 00:06:55]} e5 {[%clk 01:00:36]} {[%emt
00:00:09]} 2. Nf3 {[%clk 01:00:37]} {[%emt 00:00:07]} Nc6 {[%clk 01:00:43]}
{[%emt 00:00:09]} 3. Bc4 {[%clk 01:00:45]} {[%emt 00:00:06]} Be7 {[%clk
01:00:39]} {[%emt 00:00:20]} 4. d4 {[%clk 01:00:53]} {[%emt 00:00:07]} d6
{[%clk 01:00:24]} {[%emt 00:00:30]} 5. dxe5 {[%clk 01:01:01]} {[%emt 00:00:07]}
dxe5 {[%clk 01:00:19]} {[%emt 00:00:21]} 6. Qxd8+ {[%clk 01:01:08]} {[%emt
00:00:07]} Bxd8 {[%clk 01:00:15]} {[%emt 00:00:19]} 7. Nc3 {[%clk 01:01:11]}
{[%emt 00:00:12]} Nf6 {[%clk 00:59:14]} {[%emt 00:01:15]} 8. Be3 {[%clk
01:01:00]} {[%emt 00:00:26]} O-O {[%clk 00:57:41]} {[%emt 00:01:48]} 9. O-O-O
{[%clk 00:59:51]} {[%emt 00:01:24]} Be7 {[%clk 00:53:26]} {[%emt 00:04:27]} 10.
Kb1 {[%clk 00:55:59]} {[%emt 00:04:10]} a5 {[%clk 00:42:48]} {[%emt 00:10:50]}
11. h3 {[%clk 00:54:36]} {[%emt 00:01:41]} Be6 {[%clk 00:37:41]} {[%emt
00:05:20]} 12. Bb5 {[%clk 00:54:28]} {[%emt 00:00:25]} Na7 {[%clk 00:36:16]}
{[%emt 00:01:39]} 13. Ba4 {[%clk 00:53:55]} {[%emt 00:00:49]} Bb4 {[%clk
00:30:25]} {[%emt 00:05:57]} 14. Bd2 {[%clk 00:51:02]} {[%emt 00:03:17]} Bxc3
{[%clk 00:29:45]} {[%emt 00:00:54]} 15. Bxc3 {[%clk 00:50:29]} {[%emt
00:00:49]} Nxe4 {[%clk 00:28:41]} {[%emt 00:01:18]} 16. Be1 {[%clk 00:49:44]}
{[%emt 00:01:01]} f6 {[%clk 00:26:43]} {[%emt 00:02:13]} 17. Rf1 {[%clk
00:48:22]} {[%emt 00:01:36]} b5 {[%clk 00:24:19]} {[%emt 00:02:35]} 18. Bb3
{[%clk 00:48:14]} {[%emt 00:00:27]} Bxb3 {[%clk 00:24:05]} {[%emt 00:00:30]}
19. cxb3 {[%clk 00:48:12]} {[%emt 00:00:17]} a4 {[%clk 00:23:32]} {[%emt
00:00:47]} 20. Bb4 {[%clk 00:47:48]} {[%emt 00:00:38]} Rfd8 {[%clk 00:22:40]}
{[%emt 00:00:58]} 21. Rde1 {[%clk 00:46:08]} {[%emt 00:02:04]} Nd6 {[%clk
00:21:12]} {[%emt 00:01:43]} 22. bxa4 {[%clk 00:45:33]} {[%emt 00:00:52]} bxa4
{[%clk 00:20:11]} {[%emt 00:01:16]} 23. Rc1 {[%clk 00:45:05]} {[%emt 00:00:43]}
Rd7 {[%clk 00:18:52]} {[%emt 00:01:34]} 24. Rc2 {[%clk 00:44:45]} {[%emt
00:00:34]} Rb8 {[%clk 00:17:59]} {[%emt 00:01:08]} 25. Ba5 {[%clk 00:42:52]}
{[%emt 00:02:08]} Rb7 {[%clk 00:17:14]} {[%emt 00:01:00]} 26. Rfc1 {[%clk
00:42:36]} {[%emt 00:00:31]} Nab5 {[%clk 00:17:04]} {[%emt 00:00:24]} 27. Bc3
{[%clk 00:40:51]} {[%emt 00:02:02]} Na3+ {[%clk 00:16:49]} {[%emt 00:00:29]}
28. Ka1 {[%clk 00:40:48]} {[%emt 00:00:20]} Nxc2+ {[%clk 00:16:53]} {[%emt
00:00:10]} 29. Rxc2 {[%clk 00:40:58]} {[%emt 00:00:06]} Ne4 {[%clk 00:16:49]}
{[%emt 00:00:18]} 0-1